Sheffield United Top goalscorers of All Time - Statistics

General Stats
  • This quiz has been taken 11 times
  • The average score is 13 of 50
Answer Stats
Player APP Goals % Correct
Billy Sharp 377 129
100%
David McGoldrick 136 30
90%
Brian Deane 164 59
80%
Tony Currie 197 30
70%
Leon Clarke 96 32
60%
Oli McBurnie 159 29
60%
Alan Woodward 341 93
50%
Phil Jagielka 305 22
50%
Carl Asaba 77 24
40%
Ched Evans 126 48
40%
Iliman Ndiaye 88 22
40%
Michael Brown 169 33
40%
Michael Tonge 299 24
40%
Andy Gray 65 28
30%
Harry Johnson 30 19
30%
Jose Baxter 121 28
30%
Chris Porter 118 23
20%
Dane Whitehouse 170 33
20%
Danny Webber 125 26
20%
Dean Saunders 53 22
20%
Gareth Taylor 88 23
20%
George Jones 67 19
20%
James Beattie 84 34
20%
Jamie Murphy 122 21
20%
Jan Age Fjortoft 39 22
20%
Jimmy Hagan 182 53
20%
Mick Jones 151 63
20%
Paul Peschisolido 100 23
20%
Peter Ndlovu 151 29
20%
Petr Kachuro 109 20
20%
Richard Cresswell 141 30
20%
Stephen Quinn 237 22
20%
Alan Birchenall 109 33
10%
Bill Dearden 137 48
10%
Darius Henderson 80 21
10%
Dereck Pace 127 54
10%
Ian Bryson 101 23
10%
Lee Williamson 89 19
10%
Len Allchurch 118 27
10%
Marcelo 80 29
10%
Marcus Bent 65 24
10%
Paul Devlin 161 27
10%
Steve Kabba 85 22
10%
Alf Ringstead 105 33
0%
Colin Collindridge 113 46
0%
Derek Hawksworth 86 28
0%
Gil Reece 109 30
0%
Harold Brook 105 30
0%
Peter Wragg 56 19
0%
Tony Wagstaff 129 19
0%
No matching quizzes found
Score Distribution
Percent of People with Each Score
Percentile by Number Answered
Your Score History
You have not taken this quiz